Sprichwortdarstellungen Als Unterrichtshilfsmittel

Prezentácia umeleckého vyobrazenia prísloví v majstrovských dielach od vzniku špecifického žánru až po súčasnosť. Príslovia ako ko možný výučbový nástroj spájajúci jazyk, umenie a kultúru s pohľadom na históriu.

Enregistré dans:
Détails bibliographiques
Auteur principal: Šukolová, Lucia, 1984-
Format: Chapitre de livre
Langue:allemand
Sujets:
Tags: Ajouter un tag
Pas de tags, Soyez le premier à ajouter un tag!

MARC

LEADER 00000nla$a2200000$$$4500
001 0243746
005 20240502073940.9
041 0 |a ger 
044 |a SK 
245 1 0 |a Sprichwortdarstellungen Als Unterrichtshilfsmittel  |c Lucia Šukolová 
520 |a Prezentácia umeleckého vyobrazenia prísloví v majstrovských dielach od vzniku špecifického žánru až po súčasnosť. Príslovia ako ko možný výučbový nástroj spájajúci jazyk, umenie a kultúru s pohľadom na históriu. 
610 2 0 |a jazyky cudzie 
610 2 0 |a didaktika 
610 2 0 |a jazykoveda 
610 2 0 |a frazeológia 
610 2 0 |a pojmy 
610 2 0 |a terminológia 
100 1 |a Šukolová, Lucia, 1984-